00397 a2200121 4500020000800000040001400008082001000022100003000032245012900062260004200191300000900233650003300242 aN/S aULA-LD-MS a658.3 aSILVA ,Antonio ,Nkosi da  aA Importancia Estrategica da Comunicaȧo Interna na Gestô de Recursos Humanos no uso das Novas Tecnogias de Informaȯ̂  aLuanda,bUniversidade Lusiada c2024. a128p aGestô de Recursos Humanos